00842cam a22002534i 4500003000900000005001700009008004100026035001900067040004300086082002100129100003600150245003000186264003500216300004600251336002100297337002500318338002300343505018000366526000900546526000900555526000800564526000800572526000800580PE-LiUPU20250731184106.0150625s1966 pe a r 000 0 spa d a(Sirsi) a30398 aPE-LiUPUbspacPE-LiUPUdPE-LiUPUerda04a869.552bZ7H2211 aHerrera Pinto,Salvador,eautor.13aLa cuna de Ricardo Palma. 1aLima Perú :bAusonia,c1966. a173p :bilustraciones ;c18 centímetros atext2rdacontent aunmediated2rdamedia avolume2rdacarrier0 asíntesis de los que sostienen que ricardo palma era limeño -- ¿palma arequipeño? -- palma apurimeño -- datos indispensables sobre justa palma y cecilia samanez palma. aP145 aP127 aP97 aP14 aP07